|
|
|
|
| LEADER |
00000nam a2200000 a 4500 |
| 001 |
vtls001413491 |
| 003 |
SK-MaSNL |
| 005 |
20260301162205.0 |
| 008 |
240703s1989 xo a r bul |
| 020 |
|
|
|a 8008002271
|
| 035 |
|
|
|a SNK000368215
|
| 035 |
|
|
|a urn:nbn:sk:snk-amkmu0
|
| 035 |
|
|
|a urn:nbn:sk:snk-am008enx
|
| 035 |
|
|
|a 25D1138D-A085-434C-9610-8C83B56FB658
|
| 040 |
|
|
|a SNK
|b slo
|c SNK
|e AACR2
|
| 041 |
0 |
|
|a bul
|
| 044 |
|
|
|a xo
|c SK
|
| 072 |
|
7 |
|a 811.163
|x Južnoslovanské jazyky
|2 konspekt
|
| 080 |
|
|
|a 811.163.2
|2 1981
|
| 080 |
|
|
|a (075)
|2 1981
|
| 080 |
|
|
|a (035)
|2 1981
|
| 100 |
1 |
|
|a Ilieva, Despina
|4 aut
|9 366457
|
| 245 |
1 |
0 |
|a Bălgarski ezik
|b za studenti, izučavašti bălgarski ezik văn ot Bălgarija
|c Despina Ilieva
|
| 250 |
|
|
|a 2. vyd.
|
| 260 |
|
|
|a Bratislava
|b Slovenské pedagogické nakladateľstvo
|c 1989
|
| 300 |
|
|
|a 378 s.
|b sch., tab.
|c 21 cm
|
| 650 |
0 |
7 |
|a bulharčina
|2 SNKPH
|9 1707
|
| 650 |
0 |
7 |
|a južnoslovanské jazyky
|2 SNKPH
|9 1339
|
| 655 |
|
7 |
|a učebnice
|2 SNKPH
|9 22521
|
| 655 |
|
7 |
|a príručky
|2 SNKPH
|9 74364
|
| 919 |
|
|
|a 80-08-00227-1
|
| 958 |
|
|
|a EUIPO
|
| 958 |
|
|
|a OND
|
| 999 |
|
|
|c 812349
|d 814279
|
| 952 |
|
|
|t P60, <03>, [BOOK], {603}
|a SNK
|b SNK
|y PREZ
|7 0
|p 17A0343317
|o snkSC 107980/1
|i snkKSP 5741/2002
|0 0
|1 0
|4 0
|d 2002-05-20
|f 1
|l 0
|r 2025-09-29 00:00:00
|w 2026-02-24
|